Прерывистое выделение фаз в сплавах

Detalles Bibliográficos
Autor principal: Суховаров В. Ф.
Lenguaje:ruso
Publicado: Новосибирск, Наука, 1983
Materias:
Formato: Libro
KOHA link:https://koha.lib.tpu.ru/cgi-bin/koha/opac-detail.pl?biblionumber=594895

MARC

LEADER 00000nam0a2200000 4500
001 594895
005 20231101131830.0
035 |a (RuTPU)RU\TPU\tpu\12023 
090 |a 594895 
100 |a 20040325d1983 m y0rusy50 ca 
101 0 |a rus 
102 |a RU 
105 |a y z 000zy 
200 1 |a Прерывистое выделение фаз в сплавах  |f В. Ф. Суховаров 
210 |a Новосибирск  |c Наука  |d 1983 
215 |a 167 с. 
610 1 |a сплавы 
610 1 |a выделение фаз 
610 1 |a труды учёных ТПУ 
700 1 |a Суховаров  |b В. Ф. 
801 1 |a RU  |b 63413507  |c 20040325  |g PSBO 
801 2 |a RU  |b 63413507  |c 20100413  |g PSBO 
942 |c BK